01033cam a22003617i 450000100090000000300080000900500170001700800410003401000170007502000180009202000150011002500230012503700610014804000320020904200100024105000160025106600110026708200170027810000440029524500650033924600250040426400510042930000230048033600210050333700250052433800230054950000110057254600130058365000180059688000190061488000190063388000190065218320059BD-DhUL20190204164635.0140930s1922 pk 000 1 urd  a 2014363303 a9789693526882 a9693526880 aP-U-2014363303; 11 bLibrary of Congress -- Islamabad Overseas OfficecRs 400 aDLCbengerdacDLCdBD-DhUL alcode00aPK2199.N35+ c(3c(4 a891.433bNAE0 6880-01aنزیر احمد۔d1836-1912,106880-02aابن الوقت :bناول /cنزیر احمد۔ aIbn al-vaqt : Novel. 16880-03aLāhaur :bSang-i Mīl Pablikeshanz, a224 pages ;c22 cm atext2rdacontent aunmediated2rdamedia avolume2rdacarrier aNovel. aIn Urdu. 4aUrdu fiction.0 6100-01/(3/r‏106245-02/(3/r‏ 16264-03/(3/r‏